| 000 | 00730cam a2200181 a 4500 | ||
|---|---|---|---|
| 001 | 000008437 | ||
| 005 | 20200929161337.0 | ||
| 008 | 770516s1976 ec a 001 1 spa | ||
| 040 |
_aDO-SdBNP _bspa _cBNPHU |
||
| 082 |
_aE863.44 _bR696h |
||
| 100 | 1 |
_aRodríguez, Marco Antonio, _d1941- _922723 |
|
| 245 | 1 | 0 |
_aHistoria de un intruso / _cMarco Antonio Rodríguez. |
| 260 |
_aQuito : _bCasa de la Cultura Ecuatoriana, _c1976. |
||
| 300 |
_a147 p. : _bil. ; _c19 cm. |
||
| 505 | 0 | _aHistoria de un intruso -- Donuel -- El circulo -- Mi primo Benito -- Hominis fabula -- Ojo seco -- Mambru -- Un pez cerca del río -- La grieta -- Vieja perra o perra vieja. | |
| 650 | 4 |
_aNovela ecuatoriana _95017 |
|
| 650 | 4 |
_aLiteratura ecuatoriana _93938 |
|
| 999 |
_c8208 _d8208 |
||